000 00328nam a22001337a 4500
008 181003b xxu||||| |||| 00| 0 eng d
020 _a9780716701101
041 _aeng
080 _26 ED
_a159.9
100 _a48
101 _aPSI
245 _aCognitive Psychology And Its Implications
_cAnderson.J.R
942 _2udc
_cBK
999 _c48809
_d48809